Southville International School and Colleges
Your cart is empty.
  • Cart
  • Lists
    Public lists Eva Luna New books Lux_list list_1
    Your lists Log in to create your own lists
  • Log in to your account
  • Your cookies
  • Search history
Southville International School and Colleges
  • Advanced search
  • Recent comments
  • Most popular
  • Libraries

Log in to your account

Log in with GOOGLE


If you do not have an external account, but do have a local account, you can still log in:

  1. Home
  2. MARC view: Evidence-based productivity improvement :
Normal view MARC view ISBD view

Evidence-based productivity improvement : (Record no. 25411)

[ view plain ]
MARC details
000 -LEADER
fixed length control field 00897nam a2200253 a 4500
003 - CONTROL NUMBER IDENTIFIER
control field SISC
005 - DATE AND TIME OF LATEST TRANSACTION
control field 20170124145859.0
008 - FIXED-LENGTH DATA ELEMENTS--GENERAL INFORMATION
fixed length control field 121203s19uu xx 00 eng d
020 ## - INTERNATIONAL STANDARD BOOK NUMBER
International Standard Book Number 9781848729681
050 ## - LIBRARY OF CONGRESS CALL NUMBER
Classification number HD 56.25
Item number .P75 2012
100 ## - MAIN ENTRY--PERSONAL NAME
Personal name Pritchard, Robert D.
245 ## - TITLE STATEMENT
Title Evidence-based productivity improvement :
Remainder of title a practical guide to the productivity measurement and enhancement system (ProMES) /
Statement of responsibility, etc Robert D. Pritchard, Sallie J. Weaver, Elissa L. Ashwood.
260 ## - PUBLICATION, DISTRIBUTION, ETC. (IMPRINT)
Place of publication, distribution, etc New York, NY :
Name of publisher, distributor, etc Routledge,
Date of publication, distribution, etc 2012.
300 ## - PHYSICAL DESCRIPTION
Extent 292 pages :
Dimensions 27 cm.
440 ## - SERIES STATEMENT/ADDED ENTRY--TITLE
Title Series in applied psychology.
500 ## - GENERAL NOTE
General note Includes index.
650 ## - SUBJECT ADDED ENTRY--TOPICAL TERM
Topical term or geographic name as entry element Industrial productivity
General subdivision Measurement
650 ## - SUBJECT ADDED ENTRY--TOPICAL TERM
Topical term or geographic name as entry element Performance
General subdivision Measurement
650 ## - SUBJECT ADDED ENTRY--TOPICAL TERM
Topical term or geographic name as entry element Organizational effectiveness
General subdivision Measurement
700 ## - ADDED ENTRY--PERSONAL NAME
Personal name Weaver, Sallie J.
700 ## - ADDED ENTRY--PERSONAL NAME
Personal name Ashwood, Elissa L.
942 ## - ADDED ENTRY ELEMENTS (KOHA)
Koha item type Books
Source of classification or shelving scheme Library of Congress Classification
Call number prefix Foreign
Holdings
Withdrawn status Lost status Source of classification or shelving scheme Damaged status Home library Current library Shelving location Date acquired Cost, normal purchase price Total Checkouts Full call number Barcode Date last seen Copy number Price effective from Koha item type
    Library of Congress Classification   College Library College Library Reserve Section 12/03/2012 2719.00   HD 56.25 .P75 2012 C15475 05/15/2018 1 10/18/2013 Books

Evidence-based productivity improvement :

APA

Pritchard R. D., Weaver S. J. & Ashwood E. L. (2012). Evidence-based productivity improvement. New York, NY: Routledge.

Chicago

Pritchard Robert D, Weaver Sallie J and Ashwood Elissa L. 2012. Evidence-based productivity improvement. New York, NY: Routledge.

Harvard

Pritchard R. D., Weaver S. J. and Ashwood E. L. (2012). Evidence-based productivity improvement. New York, NY: Routledge.

MLA

Pritchard Robert D, Weaver Sallie J and Ashwood Elissa L. Evidence-based productivity improvement. New York, NY: Routledge. 2012.

  • Place hold
  • Print
  • Cite
  • Add to your cart (remove)
  • Save record
    BIBTEX Dublin Core MARCXML MARC (non-Unicode/MARC-8) MARC (Unicode/UTF-8) MARC (Unicode/UTF-8, Standard) MODS (XML) RIS
  • More searches
    Search for this title in:
    Other Libraries (WorldCat) Other Databases (Google Scholar) Online Stores (Bookfinder.com) Open Library (openlibrary.org)

Exporting to Dublin Core...

SOUTHVILLE LIBRARY

Southville International School and Colleges Library

1281 Tropical Ave. Cor. Luxembourg St., BF Homes International, Las Pinas City

Tel. No. 8256374 / 252358 Loc. 117/146

Powered by Koha